000 00859cab a2200265 4500
001 ABS44225
008 090401t1991 xxu||||| |||| 00| 0 eng d
035 _a(Sirsi) u45952
041 _aeng
245 _aCentrefolio East Midlands
260 _c1991
350 _a0
490 _aChartered Surveyor Weekly
_v34(10) 14 March 1991, 34-59 (12)
520 _aProvides a general overview of industrial , office and retail market s in Nottingham , Derby Leicester and Northampton . Comments on development and planning policy in Northamptonshire and Leicestershire .
650 _aBUSINESS PARKS
650 _aCORBY
650 _aDAVENTY
650 _aKETTERING
650 _aRELOCATION
650 _aRUGBY
650 _aWELLINGBOROUGH
690 _aPROPERTY-COMMERCIAL PROPERTY-COMMERCIAL PROPERTY MARKET
942 _n0
948 _c04/03/1997
999 _c29071
_d29071